Derecho Civil para el grado I Parte general /

Detalles Bibliográficos
Autor principal: Vela Sǹchez, Antonio J.
Formato: eBook
Lenguaje:español
Publicado: Madrid : Dykinson, 2013
Materias:
Acceso en línea:Acceso restringido

MARC

LEADER 00000nam a22000007a 4500
005 20140129140114.0
007 cr|||| ||||
008 140129s2013 sp |||||s|||| 00||0 spa d
020 |a 978-84-9031-667-2 
035 |a 11754 
040 |a vLex 
090 |c 4680  |d 4680 
100 1 |a Vela Sǹchez, Antonio J. 
245 1 0 |a Derecho Civil para el grado I  |h [Recurso electrn̤ico] :  |b Parte general /  |c Antonio J. Vela Sǹchez 
256 |a Servicio en ln̕ea 
260 |a Madrid :  |b Dykinson,  |c 2013 
300 |a 1 recurso electrn̤ico 
506 1 |a Contenido disponible en los productos indicados  |d vLex Global  |d vLex Global (Academic Edition, excluding Law Schools)  |d vLex Global (U.S. Academic Edition, Law Schools)  |d vLex Global (U.S. Academic Edition, excluding Law Schools)  |d vLex Global (Academic Edition, Law Schools) 
650 0 4 |a Derecho civil 
740 0 |a vLex Libros (Servicio en ln̕ea) 
856 4 0 |u http://vlex.com/source/derecho-civil-grado-i-11754  |z Acceso restringido 
942 |c BOOK 
999 0 |a Civil law